| 000 | 00956cab a2200241 4500 | ||
|---|---|---|---|
| 001 | WB3147-35 | ||
| 008 | 090401t1995 xxu||||| |||| 00| 0 eng d | ||
| 035 | _a(Sirsi) u51505 | ||
| 041 | _aeng | ||
| 245 | _aNegligent misstatement | ||
| 260 | _c1995 | ||
| 350 | _a0 | ||
| 490 |
_aEstates Gazette Case Summaries _v(1995) EGCS 188(1) (9/12/95) |
||
| 520 | _a"First Interstate Bank of California v Cohen Arnold & Co" CA 28 November 1995. The plaintiff bank relied on a letter mistakenly asserting the wealth of the guarantor - action for negligent misstatement. Breach of duty admitted. Bank awarded damages for breach. Defendants appeal allowed in part. Amount for damages reduced to £2m. | ||
| 650 | _aACCOUNTANTS | ||
| 650 | _aBANK LOAN | ||
| 650 | _aCHARTERED ACCOUNTANTS | ||
| 650 | _aNEGLIGENCE | ||
| 650 | _aNEGLIGENT MISSTATEMENT | ||
| 690 | _aMANAGEMENT-BUSINESS MANAGEMENT-PROFESSIONAL PRACTICE | ||
| 942 | _n0 | ||
| 948 | _c04/03/1997 | ||
| 999 |
_c31978 _d31978 |
||